[Event "Split rapid op 6th"]
[Site "Split"]
[Date "2024.08.08"]
[Round "2"]
[White "Jagic, Jakov"]
[Black "Strzalkowski, Damian"]
[Result "0-1"]
[WhiteElo "1829"]
[BlackElo "2000"]
[PlyCount "103"]
[EventDate "2024.08.08"]
[EventType "swiss (rapid)"]
[EventRounds "7"]
[EventCountry "CRO"]
[SourceTitle "CBM 221 Extra"]
[Source "ChessBase"]
[SourceDate "2024.09.30"]
[SourceVersion "1"]
[SourceVersionDate "2024.09.30"]
[SourceQuality "1"]

1. e4 c5 2. c3 d5 3. exd5 Qxd5 4. d4 Nc6 5. Nf3 Bg4 6. dxc5 Bxf3 7. Qxf3 Qxf3 8. gxf3 e6 9. Be3 Nf6 10. Nd2 Be7 11. Ne4 Nd5 12. 0-0-0 0-0-0 13. Bb5 Ne5 14. Bd4 Nxf3 15. Bxg7 Rhg8 16. Bd4 e5 17. Be3 f5 18. Nd6+ Bxd6 19. Rxd5 Bc7 20. Rxd8+ Rxd8 21. c6 f4 22. Bxa7 bxc6 23. Bxc6 Ng5 24. Rd1 Rg8 25. h4 Nf7 26. Bd5 Rg7 27. b4 Nd6 28. Bc5 Nb5 29. c4 Nd4 30. Bxd4 exd4 31. Rxd4 Rg1+ 32. Kc2 Rf1 33. f3 h5 34. Rd2 Ra1 35. Kb3 Rb1+ 36. Ka4 Bd6 37. a3 Ra1 38. c5 Be7 39. Bf7 Kc7 40. Bxh5 Bxh4 41. Bg4 Bf6 42. b5 Rc1 43. b6+ Kb7 44. Kb5 Rb1+ 45. Kc4 Rc1+ 46. Kd5 Be7 47. Rb2 Bxc5 48. a4 Bxb6 49. a5 Rc5+ 50. Ke4 Rxa5 51. Rxb6+ Kxb6 52. Kxf4 0-1

[Event "Split rapid op 6th"]
[Site "Split"]
[Date "2024.08.08"]
[Round "7"]
[White "Strzalkowski, Damian"]
[Black "Fetiveau, Arthur"]
[Result "0-1"]
[WhiteElo "2000"]
[BlackElo "2058"]
[PlyCount "48"]
[EventDate "2024.08.08"]
[EventType "swiss (rapid)"]
[EventRounds "7"]
[EventCountry "CRO"]
[SourceTitle "CBM 221 Extra"]
[Source "ChessBase"]
[SourceDate "2024.09.30"]
[SourceVersion "1"]
[SourceVersionDate "2024.09.30"]
[SourceQuality "1"]

1. d4 d5 2. Bg5 h6 3. Bh4 c5 4. e3 Nc6 5. c3 Qb6 6. Qb3 c4 7. Qxb6 axb6 8. Nd2 b5 9. e4 e6 10. a3 b4 11. cxb4 Bxb4 12. Rd1 Ba5 13. exd5 exd5 14. Ngf3 g5 15. Bg3 g4 16. Ne5 Nxd4 17. Be2 Nf6 18. f3 Nc2+ 19. Kf1 Ne3+ 20. Ke1 Nxd1 21. Kxd1 0-0 22. fxg4 Re8 23. g5 hxg5 24. h4 Bxd2 0-1

[Event "POL-ch Universities"]
[Site "Lublin"]
[Date "2024.02.23"]
[Round "2"]
[White "Janik, Igor"]
[Black "Strzalkowski, Damian"]
[Result "1-0"]
[WhiteElo "2499"]
[BlackElo "1672"]
[PlyCount "89"]
[EventDate "2024.02.23"]
[EventType "swiss"]
[EventRounds "9"]
[EventCountry "POL"]
[SourceTitle "CBM 219 Extra"]
[Source "ChessBase"]
[SourceDate "2024.05.31"]
[SourceVersion "1"]
[SourceVersionDate "2024.05.31"]
[SourceQuality "1"]

1. e4 c5 2. Nf3 e6 3. g3 Nc6 4. Bg2 a6 5. 0-0 b5 6. c3 Bb7 7. d4 cxd4 8. cxd4 d6 9. d5 exd5 10. exd5 Nce7 11. Re1 Nf6 12. Bg5 Qb6 13. Bxf6 gxf6 14. Nd4 0-0-0 15. Nc3 f5 16. Qd3 f4 17. Nc6 Bxc6 18. dxc6 fxg3 19. hxg3 d5 20. c7 Kxc7 21. Qf3 h5 22. Qxf7 h4 23. Rxe7+ Bxe7 24. Qxe7+ Kb8 25. Nxd5 Qd6 26. Qxd6+ Rxd6 27. Rd1 hxg3 28. fxg3 Rg8 29. Kf2 Rdg6 30. Rd3 Rf8+ 31. Bf3 Rh6 32. Nf4 Rc8 33. Rd2 Rh2+ 34. Bg2 Rh6 35. g4 Rc4 36. Kg3 Rf6 37. Nd5 Rg6 38. Bf3 Rg5 39. Ne3 Rc7 40. Kf4 Rg8 41. Be4 Rc1 42. Rf2 Re1 43. Bf5 Rd8 44. Ng2 Rh1 45. g5 1-0

[Event "Warsaw Szansa blitz op"]
[Site "Warsaw"]
[Date "2023.09.16"]
[Round "3"]
[White "Lewicki, Miroslaw"]
[Black "Strzalkowski, Damian"]
[Result "1-0"]
[WhiteElo "2339"]
[BlackElo "1672"]
[PlyCount "31"]
[EventDate "2023.09.16"]
[EventType "swiss (blitz)"]
[EventRounds "13"]
[EventCountry "POL"]
[SourceTitle "CBM 216 Extra"]
[Source "ChessBase"]
[SourceDate "2023.11.30"]
[SourceVersion "1"]
[SourceVersionDate "2023.11.30"]
[SourceQuality "1"]

1. e4 c5 2. Nf3 e6 3. c4 Nc6 4. Nc3 Nge7 5. d4 d5 6. cxd5 exd5 7. dxc5 d4 8. Nb5 Ng6 9. Qa4 Bxc5 10. Bg5 f6 11. Bd2 Be6 12. Rc1 Bb6 13. Rxc6 bxc6 14. Nbxd4 Bxd4 15. Nxd4 Qxd4 16. Qxd4 1-0

[Event "POL-ch Academic"]
[Site "Chorzow"]
[Date "2021.05.14"]
[Round "3.18"]
[White "Rozycki, Bartlomiej"]
[Black "Strzalkowski, Damian"]
[Result "1-0"]
[WhiteElo "2196"]
[BlackElo "1585"]
[PlyCount "76"]
[EventDate "2021.05.14"]
[EventType "swiss (rapid)"]
[EventRounds "9"]
[EventCountry "POL"]
[SourceTitle "CBM 202 Extra"]
[Source "ChessBase"]
[SourceDate "2021.07.31"]
[SourceVersion "1"]
[SourceVersionDate "2021.07.31"]
[SourceQuality "1"]

1. e4 c6 2. d4 d5 3. exd5 cxd5 4. Bd3 Nc6 5. c3 Nf6 6. h3 g6 7. Nf3 Bg7 8. Bf4 0-0 9. 0-0 Bf5 10. Bxf5 gxf5 11. Ne1 e6 12. Nd3 Kh8 13. Re1 Rg8 14. Nd2 Qe7 15. Bg5 Qd7 16. Bxf6 Bxf6 17. f4 Rg3 18. Nf1 Rg6 19. Qh5 Rag8 20. Re2 b6 21. Kh1 Nd8 22. Nd2 Nb7 23. Nf3 Qe7 24. Nde5 Bxe5 25. dxe5 Nc5 26. Ng5 Rxg5 27. fxg5 Rxg5 28. Qh4 Ne4 29. Re3 f6 30. exf6 Qxf6 31. Qf4 Qg6 32. Qf3 Rg3 33. Qe2 Rg5 34. Kh2 Qf6 35. Rd1 Qe5+ 36. Kg1 Qg7 37. Red3 h6 38. c4 Qf6 1-0

[Event "FIDE World Uni Rapid-A 1st"]
[Site "Tornelo INT"]
[Date "2021.03.20"]
[Round "6"]
[White "Goldbeck, Lars"]
[Black "Strzalkowski, Damian"]
[Result "0-1"]
[WhiteElo "2235"]
[BlackElo "1585"]
[PlyCount "76"]
[EventDate "2021.03.20"]
[EventType "swiss (rapid)"]
[EventRounds "12"]
[EventCountry "NET"]
[SourceTitle "CBM 201 Extra"]
[Source "ChessBase"]
[SourceDate "2021.05.31"]
[SourceVersion "1"]
[SourceVersionDate "2021.05.31"]
[SourceQuality "1"]

1. d4 d5 2. c4 c6 3. cxd5 cxd5 4. Bg5 Nc6 5. Nc3 h6 6. Bh4 g5 7. Bg3 Bg7 8. e3 a6 9. Rc1 Nf6 10. Bd3 0-0 11. h4 g4 12. h5 Qa5 13. Nge2 Ne4 14. Bf4 e5 15. dxe5 Nxe5 16. 0-0 Nxc3 17. bxc3 Nxd3 18. Qxd3 Qxa2 19. Nd4 Qc4 20. Qd2 Be6 21. e4 dxe4 22. Bxh6 Qd5 23. Bxg7 Kxg7 24. Qf4 Rh8 25. Nxe6+ Qxe6 26. Qg5+ Kh7 27. Rcd1 Rhg8 28. Qf4 Rad8 29. Rfe1 Rxd1 30. Rxd1 g3 31. fxg3 a5 32. Rd6 Rg4 33. Qd2 e3 34. Qc2+ Qe4 35. Qb3 Rxg3 36. Qxf7+ Rg7 37. Qf1 e2 38. Qe1 Qxg2# 0-1

[Event "FIDE World Uni Rapid-A 1st"]
[Site "Tornelo INT"]
[Date "2021.03.20"]
[Round "2"]
[White "Strzalkowski, Damian"]
[Black "Fedotov, Nikita1"]
[Result "1-0"]
[WhiteElo "1585"]
[BlackElo "2311"]
[PlyCount "83"]
[EventDate "2021.03.20"]
[EventType "swiss (rapid)"]
[EventRounds "12"]
[EventCountry "NET"]
[SourceTitle "CBM 201 Extra"]
[Source "ChessBase"]
[SourceDate "2021.05.31"]
[SourceVersion "1"]
[SourceVersionDate "2021.05.31"]
[SourceQuality "1"]

1. d4 Nf6 2. Bg5 e6 3. e4 Be7 4. e5 Nd5 5. Bxe7 Qxe7 6. c3 d6 7. exd6 cxd6 8. Nf3 0-0 9. Bd3 a6 10. 0-0 b5 11. Nbd2 Bb7 12. Re1 Nd7 13. Rc1 N7f6 14. h3 Rac8 15. Ne4 Nb6 16. Nxf6+ Qxf6 17. Be4 Bd5 18. b3 Rc7 19. Bxd5 exd5 20. Nh2 Rfc8 21. Qd2 h5 22. Nf1 g6 23. Ng3 Kg7 24. Re3 b4 25. Ne2 bxc3 26. Rexc3 Rxc3 27. Rxc3 Qf5 28. Rxc8 Nxc8 29. Nc3 Ne7 30. Qe2 Qf6 31. Qxa6 Qxd4 32. Qxd6 Nf5 33. Qc6 Ng3 34. Qxd5 Qxc3 35. fxg3 Qa1+ 36. Kh2 Qxa2 37. Qd4+ Kh7 38. b4 Qa4 39. Qc5 Qa8 40. b5 Qb8 41. h4 f6 42. b6 1-0

[Event "FIDE World Uni Rapid-A 1st"]
[Site "Tornelo INT"]
[Date "2021.03.20"]
[Round "5"]
[White "Strzalkowski, Damian"]
[Black "Zayan, Mohamed"]
[Result "0-1"]
[WhiteElo "1585"]
[BlackElo "2132"]
[PlyCount "62"]
[EventDate "2021.03.20"]
[EventType "swiss (rapid)"]
[EventRounds "12"]
[EventCountry "NET"]
[SourceTitle "CBM 201 Extra"]
[Source "ChessBase"]
[SourceDate "2021.05.31"]
[SourceVersion "1"]
[SourceVersionDate "2021.05.31"]
[SourceQuality "1"]

1. d4 Nf6 2. Bg5 d5 3. Bxf6 exf6 4. g3 Bd6 5. Bg2 0-0 6. e3 f5 7. Ne2 c6 8. 0-0 Na6 9. c4 dxc4 10. Nd2 Be6 11. Rc1 Nb4 12. Nxc4 Nxa2 13. Nxd6 Nxc1 14. Nxb7 Nxe2+ 15. Qxe2 Qb6 16. Nc5 Bd5 17. Bxd5 cxd5 18. Nd7 Qb3 19. Nxf8 Rxf8 20. Ra1 Rc8 21. Rxa7 g6 22. Qa6 Rc1+ 23. Kg2 Qd1 24. Qb5 Kg7 25. Rd7 h5 26. Rxf7+ Kh6 27. Rxf5 Qh1+ 28. Kh3 Rg1 29. Rxh5+ Kxh5 30. Qxd5+ Qxd5 31. g4+ Rxg4 0-1

[Event "FIDE World Uni Blitz-D 1st"]
[Site "Tornelo INT"]
[Date "2021.03.13"]
[Round "10.21"]
[White "Mendoza, Shania Mae"]
[Black "Strzalkowski, Damian"]
[Result "1/2-1/2"]
[WhiteElo "2158"]
[BlackElo "1585"]
[PlyCount "124"]
[EventDate "2021.03.13"]
[EventType "swiss (blitz)"]
[EventRounds "10"]
[EventCountry "NET"]
[SourceTitle "EXT 2022"]
[Source "ChessBase"]
[SourceDate "2021.10.06"]
[SourceVersion "1"]
[SourceVersionDate "2021.10.06"]
[SourceQuality "1"]

1. e4 c6 2. Nc3 d5 3. Nf3 Bg4 4. h3 Bxf3 5. Qxf3 e6 6. d3 Nd7 7. Bd2 Ngf6 8. Qg3 d4 9. Ne2 e5 10. f4 Bd6 11. Qf2 c5 12. f5 b5 13. g4 h6 14. Ng3 Qc7 15. Be2 c4 16. Kf1 Bc5 17. Kg2 Qb6 18. h4 c3 19. Bc1 b4 20. g5 hxg5 21. hxg5 Rxh1 22. Kxh1 Ng8 23. Kg2 0-0-0 24. Bg4 f6 25. a4 b3 26. Qe2 Kc7 27. Nh5 Bf8 28. a5 Qb5 29. Qd1 Rb8 30. Rb1 fxg5 31. Bxg5 Ngf6 32. Bxf6 Nxf6 33. Nxf6 gxf6 34. Kg3 a6 35. Qc1 Qc5 36. cxb3 Rxb3 37. bxc3 Rxb1 38. Qxb1 Qxc3 39. Qb6+ Kd7 40. Qe6+ Kc7 41. Qf7+ Kc6 42. Qxf6+ Bd6 43. Be2 Qd2 44. Kf2 Qe3+ 45. Ke1 Qc1+ 46. Kf2 Qe3+ 47. Kf1 Qf4+ 48. Kg2 Qe3 49. Bf1 Qd2+ 50. Kh1 Qf4 51. Bg2 Qc1+ 52. Kh2 Qf4+ 53. Kh3 Qe3+ 54. Kh2 Qxd3 55. Qe6 Qe3 56. Qd5+ Kd7 57. Qb7+ Bc7 58. Qd5+ Bd6 59. Qf7+ Kc6 60. Qc4+ Kd7 61. Qe6+ Kc6 62. Qd5+ Kd7 1/2-1/2

[Event "FIDE World Uni Blitz-D 1st"]
[Site "Tornelo INT"]
[Date "2021.03.13"]
[Round "9.17"]
[White "Strzalkowski, Damian"]
[Black "Vujcic, Milena"]
[Result "1/2-1/2"]
[WhiteElo "1585"]
[BlackElo "2069"]
[PlyCount "59"]
[EventDate "2021.03.13"]
[EventType "swiss (blitz)"]
[EventRounds "10"]
[EventCountry "NET"]
[SourceTitle "EXT 2022"]
[Source "ChessBase"]
[SourceDate "2021.10.06"]
[SourceVersion "1"]
[SourceVersionDate "2021.10.06"]
[SourceQuality "1"]

1. d4 Nf6 2. Bg5 Ne4 3. h4 d5 4. Nd2 h6 5. Bf4 Nc6 6. Nxe4 dxe4 7. c3 e6 8. e3 Be7 9. Qc2 f5 10. Bb5 Bf6 11. Bxc6+ bxc6 12. Ne2 Ba6 13. h5 Bd3 14. Qb3 Qd7 15. Be5 Bxe5 16. dxe5 0-0 17. 0-0-0 Rfb8 18. Qa3 Qd5 19. Nf4 Qxe5 20. Nxd3 exd3 21. Rxd3 Qe4 22. Rdd1 Qxg2 23. Rhg1 Qxf2 24. Rxg7+ Kxg7 25. Qe7+ Kg8 26. Qxe6+ Kh8 27. Qf6+ Kg8 28. Qe6+ Kh8 29. Qf6+ Kg8 30. Qe6+ 1/2-1/2